[Event "Ifjusagi csapatbajnoksag"]
[Site "Budapest"]
[Date "2015.08.29"]
[Round "6.16"]
[White "Kovacs, Judit"]
[Black "Bege, Mate"]
[Result "1-0"]
[WhiteElo "1910"]
[BlackElo "1935"]
[PlyCount "153"]
[EventDate "2015.??.??"]

1. d4 Nf6 2. c4 g6 3. Nc3 Bg7 4. e4 d6 5. Nf3 O-O 6. Be2 e5 7. O-O Nc6 8. d5
Ne7 9. Ne1 h6 10. Be3 Ne8 11. c5 f5 12. f3 g5 13. a4 dxc5 14. Bxc5 Nd6 15. Be3
Ng6 16. Nb5 a6 17. Nxd6 cxd6 18. a5 Nf4 19. Bb6 Qe8 20. Nd3 Qg6 21. Nf2 Bd7 22.
Rc1 Nxe2+ 23. Qxe2 Bb5 24. Nd3 fxe4 25. fxe4 Rxf1+ 26. Rxf1 Rc8 27. Qe3 Rc2 28.
Rf2 Rc4 29. Rf5 Bd7 30. Rf2 Rxe4 31. Qc1 Bb5 32. Ne1 Rc4 33. Rc2 Qe4 34. Qd2
Rxc2 35. Nxc2 Qe2 36. Qxe2 Bxe2 37. Bc7 Bf8 38. Ne3 Kf7 39. Nf5 e4 40. Bxd6 Bc4
41. Bxf8 Kxf8 42. d6 Be6 43. Nd4 Bd7 44. Kf2 Be8 45. Ke3 Bg6 46. Ne6+ Ke8 47.
Nc5 Kd8 48. Nxb7+ Kd7 49. Nc5+ Kxd6 50. Nxa6 Kc6 51. Nb4+ Kb5 52. a6 Kb6 53.
Na2 Kxa6 54. Nc3 Ka5 55. Nxe4 Kb4 56. Nd2 Be8 57. Kd4 Bc6 58. g3 h5 59. Ke5 g4
60. Kf6 Ka4 61. Kg5 Be8 62. Ne4 Kb3 63. Nf6 Bf7 64. Nxh5 Kxb2 65. Kxg4 Kc3 66.
Nf6 Kd4 67. Kf4 Kc5 68. Ke5 Kc6 69. h4 Kc7 70. h5 Kd8 71. Kd6 Bxh5 72. Nxh5 Ke8
73. Ke6 Kf8 74. g4 Kg8 75. g5 Kh7 76. Kf6 Kg8 77. Kg6 1-0

[Event "Ifjusagi csapatbajnoksag"]
[Site "Budapest"]
[Date "2015.08.29"]
[Round "6.17"]
[White "Lengyel, Andrea"]
[Black "Fekete, Agnes"]
[Result "1-0"]
[WhiteElo "1780"]
[BlackElo "1795"]
[PlyCount "63"]
[EventDate "2015.??.??"]

1. d4 Nf6 2. c4 g6 3. f3 Bg7 4. e4 d6 5. Nc3 O-O 6. Be3 e5 7. Nge2 Nc6 8. Qd2
Ne8 9. d5 Ne7 10. g4 c6 11. h4 cxd5 12. cxd5 Qa5 13. h5 Nf6 14. Ng3 Nxg4 15.
fxg4 Bxg4 16. Bh6 f5 17. Bxg7 Kxg7 18. hxg6 hxg6 19. exf5 Nxf5 20. Nxf5+ Bxf5
21. Bd3 Rh8 22. O-O-O Bxd3 23. Qxd3 Rxh1 24. Rxh1 Rh8 25. Rxh8 Kxh8 26. Qxg6
Qa6 27. Qf6+ Kg8 28. Qd8+ Kg7 29. Qd7+ Kg6 30. Qb5 Kf5 31. Qxa6 bxa6 32. Kd2
1-0

[Event "Ifjusagi csapatbajnoksag"]
[Site "Budapest"]
[Date "2015.08.29"]
[Round "6.18"]
[White "Csetneki, Mark"]
[Black "Bakos, Viktor"]
[Result "1/2-1/2"]
[WhiteElo "1873"]
[BlackElo "1777"]
[PlyCount "48"]
[EventDate "2015.??.??"]

1. Nf3 d5 2. g3 Nf6 3. Bg2 c6 4. d3 e6 5. O-O Be7 6. Nbd2 O-O 7. b3 Nbd7 8. Bb2
Re8 9. c4 Nf8 10. Rc1 Ng6 11. Qc2 Bd7 12. c5 b6 13. b4 a5 14. a3 axb4 15. axb4
bxc5 16. bxc5 Qc7 17. d4 Reb8 18. Bc3 Ra7 19. Ra1 Rba8 20. Rxa7 Rxa7 21. Rb1
Rb7 22. Ra1 Ra7 23. Rb1 Rb7 24. e3 Rxb1+ 1/2-1/2

[Event "Ifjusagi csapatbajnoksag"]
[Site "Budapest"]
[Date "2015.08.29"]
[Round "6.19"]
[White "Buzas, Bertalan"]
[Black "Nagybiro, Laszlo"]
[Result "0-1"]
[WhiteElo "2041"]
[BlackElo "2029"]
[PlyCount "100"]
[EventDate "2015.??.??"]

1. d4 Nf6 2. Nf3 e6 3. Bg5 c5 4. Nc3 cxd4 5. Qxd4 Be7 6. e4 Nc6 7. Qd2 a6 8. e5
Ng4 9. Qf4 f5 10. exf6 Nxf6 11. Bd3 O-O 12. Qh4 g6 13. O-O d5 14. Rae1 Nh5 15.
Bxe7 Nxe7 16. Qg5 Nf4 17. Nd4 Qd6 18. Re3 Nc6 19. Nxc6 bxc6 20. Qe5 Qb4 21. Nd1
Ra7 22. c3 Qb6 23. Bc2 Raf7 24. Rf3 c5 25. Ne3 Ne2+ 26. Kh1 Qc7 27. Qxc7 Rxc7
28. Rxf8+ Kxf8 29. Re1 Nf4 30. g3 Nh3 31. Kg2 Ng5 32. f4 Nf7 33. Ng4 Ke7 34. h4
Rb7 35. b3 c4 36. Ne5 cxb3 37. Bxb3 Rc7 38. Nxf7 Kxf7 39. Re3 Bb7 40. Kf2 a5
41. Ke2 Ba6+ 42. Kd2 Kf6 43. Re5 Bb5 44. Bc2 Rb7 45. h5 Be8 46. a3 gxh5 47. Kc1
Bg6 48. Bxg6 hxg6 49. Kc2 a4 50. c4 Rc7 0-1

[Event "Ifjusagi csapatbajnoksag"]
[Site "Budapest"]
[Date "2015.08.29"]
[Round "6.20"]
[White "Varadi, Benedek"]
[Black "Toth, Kristof Istvan"]
[Result "1/2-1/2"]
[WhiteElo "2072"]
[BlackElo "1974"]
[PlyCount "73"]
[EventDate "2015.??.??"]

1. d4 d5 2. c4 c6 3. Nf3 Nf6 4. Nbd2 Bf5 5. Qb3 Qc7 6. e3 e6 7. Bd3 Bxd3 8.
Qxd3 Nbd7 9. O-O Be7 10. e4 dxe4 11. Nxe4 Nxe4 12. Qxe4 Nf6 13. Qe2 O-O 14. Bg5
Rfe8 15. Rfe1 Rad8 16. Rad1 h6 17. Bd2 Bd6 18. Bc3 a6 19. b3 Qe7 20. Qd2 Qc7
21. Qb2 Be7 22. Ne5 a5 23. c5 Nd5 24. Nc4 Ra8 25. g3 Ra6 26. a3 Rea8 27. Qd2
Bd8 28. f4 Qd7 29. Ne5 Qc7 30. Nc4 Qd7 31. Ne5 Qc7 32. Nd3 Be7 33. Ra1 b6 34.
b4 axb4 35. axb4 bxc5 36. dxc5 Ra3 37. Kf2 1/2-1/2

[Event "Ifjusagi csapatbajnoksag"]
[Site "Budapest"]
[Date "2015.08.29"]
[Round "6.21"]
[White "Acs, Marton"]
[Black "Horvath, Balazs"]
[Result "0-1"]
[WhiteElo "2006"]
[BlackElo "2036"]
[PlyCount "72"]
[EventDate "2015.??.??"]

1. d4 Nf6 2. Nf3 g6 3. g3 Bg7 4. Bg2 O-O 5. O-O d6 6. c4 Nbd7 7. Nc3 e5 8. h3
c6 9. e4 exd4 10. Nxd4 Nb6 11. b3 d5 12. exd5 cxd5 13. Ba3 Re8 14. c5 Ne4 15.
Rc1 Nxc3 16. Rxc3 Nd7 17. c6 bxc6 18. Nxc6 Qf6 19. Rc2 Nb6 20. Bb2 Qf5 21. Re2
Ba6 22. Rxe8+ Rxe8 23. Re1 Rxe1+ 24. Qxe1 Qe6 25. Qxe6 fxe6 26. Bxg7 Kxg7 27.
Nxa7 d4 28. Bf1 d3 29. Bg2 d2 30. Bf3 Nd5 31. a4 Nc3 32. Nb5 Bxb5 33. axb5 Nxb5
34. Kf1 Nc3 35. b4 Kf6 36. b5 Ke7 0-1

[Event "Ifjusagi csapatbajnoksag"]
[Site "Budapest"]
[Date "2015.08.29"]
[Round "6.22"]
[White "Majnay, Peter"]
[Black "Szabo, Benjamin"]
[Result "0-1"]
[WhiteElo "1799"]
[BlackElo "2005"]
[PlyCount "152"]
[EventDate "2015.??.??"]

1. d4 Nf6 2. c4 g6 3. Nc3 Bg7 4. e4 d6 5. f3 O-O 6. Be3 Nbd7 7. Qd2 Re8 8.
O-O-O e5 9. d5 Nf8 10. Bd3 Bd7 11. Nge2 Qc8 12. Kb1 a6 13. Rc1 Qb8 14. g4 c5
15. h4 b5 16. h5 bxc4 17. Bxc4 Bb5 18. Nd1 Bxc4 19. Rxc4 Qb5 20. Rc2 a5 21. Nc1
a4 22. a3 N6d7 23. Bh6 Reb8 24. Bxg7 Kxg7 25. hxg6 fxg6 26. Qh6+ Kg8 27. Rch2
Qb6 28. Qg5 Qd8 29. Qxd8 Rxd8 30. Ne3 Nb6 31. Rc2 Rd7 32. g5 Rf7 33. Rh3 Raa7
34. Ng4 Kg7 35. Rch2 Rab7 36. Nf6 Kh8 37. Ne8 Nc4 38. Ka2 Rbe7 39. Nf6 Nd7 40.
Ng4 Na5 41. Nh6 Rf8 42. Ng4 Nb7 43. Ne3 Nb6 44. Rc2 Na5 45. Nd3 Nb3 46. Rc3 Nd4
47. Nc4 Nc8 48. Ne1 Ref7 49. Re3 Rf4 50. Kb1 Kg7 51. Ka2 R4f7 52. Kb1 Rd8 53.
Ka2 Rdf8 54. Kb1 Rb7 55. Ka2 Rb3 56. Kb1 Rf7 57. Ka2 Rxe3 58. Nxe3 Nb6 59. Ng4
Nc4 60. Nf6 Kh8 61. Rh2 Rb7 62. Ka1 Nb3+ 63. Kb1 Nbd2+ 64. Ka1 Nf1 65. Rf2 Nfe3
66. Rh2 Nf1 67. Rf2 Nfd2 68. Rh2 Nb3+ 69. Kb1 Nd4 70. Ka2 Ne3 71. Ka1 c4 72.
Ne8 Nb5 73. Nc2 Nd1 74. Rd2 Nxb2 75. Nb4 c3 76. Rc2 Nc4 0-1

[Event "Ifjusagi csapatbajnoksag"]
[Site "Budapest"]
[Date "2015.08.29"]
[Round "6.23"]
[White "Arvai, Eszter"]
[Black "Hegedus, Dominik"]
[Result "1-0"]
[WhiteElo "2027"]
[BlackElo "1769"]
[PlyCount "95"]
[EventDate "2015.??.??"]

1. d4 Nf6 2. Nf3 g6 3. Bg5 Bg7 4. Nbd2 O-O 5. c3 d5 6. h3 c6 7. e3 h6 8. Bf4
Bf5 9. Nh4 Be4 10. f3 g5 11. fxe4 gxf4 12. exf4 Nxe4 13. Nxe4 dxe4 14. Qg4 e6
15. f5 Qg5 16. fxe6 Qxg4 17. hxg4 fxe6 18. Bc4 Re8 19. Nf5 Kh7 20. Nd6 Re7 21.
Nxe4 e5 22. d5 cxd5 23. Bxd5 Nc6 24. Bxc6 bxc6 25. O-O-O Rf8 26. g3 Kg8 27. Rd6
Rc7 28. Nc5 Rf6 29. Rhd1 Kh7 30. Rxf6 Bxf6 31. Rd7+ Rxd7 32. Nxd7 Kg6 33. Nc5
h5 34. gxh5+ Kxh5 35. Kc2 Kg4 36. Ne4 Bg7 37. Kd3 Kf3 38. b4 Bh6 39. a4 Be3 40.
b5 cxb5 41. axb5 Bb6 42. c4 Bc7 43. c5 Bd8 44. c6 Bb6 45. Ng5+ Kxg3 46. Ke4 Kg4
47. Ne6 Kh5 48. Kxe5 1-0

[Event "Ifjusagi csapatbajnoksag"]
[Site "Budapest"]
[Date "2015.08.29"]
[Round "6.25"]
[White "Egri, Laszlo Jr"]
[Black "Terbe, Julianna"]
[Result "1/2-1/2"]
[WhiteElo "2157"]
[BlackElo "2232"]
[PlyCount "35"]
[EventDate "2015.??.??"]

1. c4 e5 2. Nc3 Nf6 3. g3 Bb4 4. Bg2 O-O 5. d3 Re8 6. e4 Bxc3+ 7. bxc3 h6 8.
Ne2 c6 9. Qb3 Na6 10. Ba3 d6 11. O-O Nc7 12. Rab1 Rb8 13. h3 d5 14. cxd5 cxd5
15. exd5 Nfxd5 16. c4 Ne7 17. Nc3 Nf5 18. Ne4 1/2-1/2

[Event "Ifjusagi csapatbajnoksag"]
[Site "Budapest"]
[Date "2015.08.29"]
[Round "6.26"]
[White "Berta, Sandor"]
[Black "Ugroczky, Peter"]
[Result "0-1"]
[WhiteElo "2121"]
[BlackElo "2170"]
[PlyCount "68"]
[EventDate "2015.??.??"]

1. Nf3 d5 2. g3 Nf6 3. Bg2 e6 4. O-O Be7 5. d3 O-O 6. Nbd2 c5 7. e4 d4 8. a4
Nc6 9. Nc4 b6 10. Ne1 Bb7 11. f4 a6 12. g4 b5 13. Na3 Nd7 14. Nf3 Nb6 15. g5
Nxa4 16. h4 f5 17. Qe2 Qd7 18. Nc4 bxc4 19. Rxa4 cxd3 20. cxd3 Nb4 21. Ra5 fxe4
22. Ne5 Qd6 23. Qh5 Nxd3 24. Nxd3 Qc7 25. Ne5 Qxa5 26. Bh3 Bd5 27. g6 h6 28. f5
Qc7 29. fxe6 Rxf1+ 30. Kxf1 Bg5 31. Nd7 Bc4+ 32. Kg2 Bxc1 33. Bg4 Qf4 34. e7
Qf1+ 0-1

[Event "Ifjusagi csapatbajnoksag"]
[Site "Budapest"]
[Date "2015.08.29"]
[Round "6.27"]
[White "Czupor, Attila"]
[Black "Laza, Szabolcs"]
[Result "1/2-1/2"]
[WhiteElo "2125"]
[BlackElo "2150"]
[PlyCount "70"]
[EventDate "2015.??.??"]

1. e4 c5 2. Nf3 d6 3. d4 cxd4 4. Nxd4 Nf6 5. Nc3 Nc6 6. Be3 Ng4 7. Bg5 Qb6 8.
Bb5 Bd7 9. O-O Nxf2 10. Rxf2 Qxd4 11. Qxd4 Nxd4 12. Bxd7+ Kxd7 13. Rxf7 Nxc2
14. Rc1 Nb4 15. Nd5 Nxd5 16. exd5 h6 17. Be3 b6 18. g4 Rc8 19. Rxc8 Kxc8 20.
Bd4 Rg8 21. h4 Kd8 22. Rf3 g5 23. h5 Bg7 24. Bxg7 Rxg7 25. Rf8+ Kd7 26. Kg2 a5
27. Rh8 Rf7 28. Rxh6 Rf4 29. Kg3 Rd4 30. Rg6 Rxd5 31. h6 Rd3+ 32. Kg2 Rd2+ 33.
Kg1 Rd1+ 34. Kg2 Rd2+ 35. Kg1 Rd1+ 1/2-1/2

[Event "Ifjusagi csapatbajnoksag"]
[Site "Budapest"]
[Date "2015.08.29"]
[Round "6.28"]
[White "Marosi, Levente"]
[Black "Varga, Melinda"]
[Result "1/2-1/2"]
[WhiteElo "2212"]
[BlackElo "2135"]
[PlyCount "68"]
[EventDate "2015.??.??"]

1. e4 c6 2. Nc3 d5 3. Nf3 Bg4 4. h3 Bxf3 5. Qxf3 e6 6. d4 dxe4 7. Nxe4 Qxd4 8.
Bd3 Nd7 9. c3 Qd5 10. Qe2 Ngf6 11. Bf4 Be7 12. O-O O-O 13. Rad1 Qxa2 14. Ng5
Nb6 15. Qc2 h6 16. Nf3 Qa4 17. Qc1 Qa5 18. Rfe1 Na4 19. Bxh6 Qh5 20. Bf4 Nc5
21. Bc2 Nd5 22. Bd2 Bf6 23. c4 Nb6 24. b3 Rfd8 25. Be3 Ncd7 26. Nd2 Be7 27. Ne4
Nf6 28. Bg5 Nbd7 29. Ng3 Qh8 30. h4 Bc5 31. Ne4 Nxe4 32. Bxe4 f6 33. Be3 Bb4
34. Bd2 Bxd2 1/2-1/2

[Event "Ifjusagi csapatbajnoksag"]
[Site "Budapest"]
[Date "2015.08.29"]
[Round "6.29"]
[White "Szukics, Adam"]
[Black "Terbe, Zsuzsanna"]
[Result "1/2-1/2"]
[WhiteElo "2058"]
[BlackElo "2103"]
[PlyCount "80"]
[EventDate "2015.??.??"]

1. e4 c5 2. Nf3 e6 3. d4 cxd4 4. Nxd4 a6 5. Bd3 Bc5 6. Nb3 Ba7 7. O-O Nc6 8. c4
Nf6 9. Nc3 h6 10. Qe2 d6 11. Kh1 e5 12. Be3 Bxe3 13. Qxe3 O-O 14. Be2 Be6 15.
Rfd1 Qe7 16. Rac1 Rac8 17. f3 b5 18. Nd5 Bxd5 19. exd5 Qa7 20. Qd2 Ne7 21. Na5
bxc4 22. Bxc4 Qb6 23. b4 Rfe8 24. Bb3 Rxc1 25. Rxc1 e4 26. Nc4 Qb8 27. Ba4 Rc8
28. fxe4 Nxe4 29. Qe1 f5 30. Bd7 Rf8 31. Bxf5 Nxf5 32. Qxe4 Qxb4 33. Qe6+ Kh8
34. a3 Qc5 35. Qe4 Qf2 36. Qc2 Qd4 37. Rd1 Qg4 38. Kg1 Rc8 39. Rf1 Qxc4 40.
Qxf5 Qc5+ 1/2-1/2

[Event "Ifjusagi csapatbajnoksag"]
[Site "Budapest"]
[Date "2015.08.29"]
[Round "6.30"]
[White "Toth-Katona, Tamas"]
[Black "Gombos, Bettina"]
[Result "1/2-1/2"]
[WhiteElo "2026"]
[BlackElo "1913"]
[PlyCount "23"]
[EventDate "2015.??.??"]

1. e4 c5 2. Nc3 a6 3. g3 b5 4. Bg2 Bb7 5. d3 e6 6. Nf3 d6 7. O-O Nf6 8. Re1 Qc7
9. Be3 b4 10. Ne2 Be7 11. h3 O-O 12. Kh2 1/2-1/2

[Event "Ifjusagi csapatbajnoksag"]
[Site "Budapest"]
[Date "2015.08.29"]
[Round "6.31"]
[White "Bohus, Adam"]
[Black "Ngo Tan, Don"]
[Result "0-1"]
[WhiteElo "2170"]
[BlackElo "2309"]
[PlyCount "76"]
[EventDate "2015.??.??"]

1. d4 d5 2. Nf3 Nf6 3. c4 c6 4. e3 Bf5 5. Nc3 e6 6. Nh4 Bg6 7. Nxg6 hxg6 8. Bd2
Bd6 9. Qc2 Nbd7 10. Bd3 Qe7 11. h3 dxc4 12. Bxc4 Nb6 13. Be2 e5 14. dxe5 Bxe5
15. O-O-O O-O-O 16. Na4 Rd5 17. Bf3 Nxa4 18. Qxa4 Rb5 19. Bc3 Bxc3 20. bxc3 Qc5
21. Kc2 Ra5 22. Qb3 Ra3 23. Qb2 Qa5 24. Kb1 Qxc3 25. Rd4 Qxb2+ 26. Kxb2 Ra5 27.
Rhd1 Re8 28. Kb3 Kc7 29. a4 Re7 30. Rd8 Nd7 31. Rg8 Nc5+ 32. Kc3 f6 33. Rdd8
Rxa4 34. g4 Ra2 35. Kb4 Kb6 36. Rd1 Rxf2 37. Bxc6 a5+ 38. Kc4 Rc2+ 0-1

[Event "Ifjusagi csapatbajnoksag"]
[Site "Budapest"]
[Date "2015.08.29"]
[Round "6.32"]
[White "Grimm, Gyorgy"]
[Black "Csordas, David"]
[Result "1-0"]
[WhiteElo "2181"]
[BlackElo "1819"]
[PlyCount "57"]
[EventDate "2015.??.??"]

1. e4 c5 2. Nf3 Nc6 3. d4 cxd4 4. Nxd4 Nf6 5. Nc3 e5 6. Ndb5 d6 7. Nd5 Nxd5 8.
exd5 Nb8 9. Qf3 Be7 10. Qc3 O-O 11. Nc7 Nd7 12. Nxa8 Nc5 13. Be3 Bd7 14. b4
Qxa8 15. bxc5 dxc5 16. Rb1 Bd6 17. Bb5 Bf5 18. a4 Bg6 19. O-O f5 20. f4 e4 21.
Bd7 b6 22. Be6+ Bf7 23. a5 Bxe6 24. dxe6 Bc7 25. axb6 axb6 26. Qc4 Re8 27. e7+
Kh8 28. Qe6 Qa3 29. Rb3 1-0

[Event "Ifjusagi csapatbajnoksag"]
[Site "Budapest"]
[Date "2015.08.29"]
[Round "6.33"]
[White "Kovacs, Bence"]
[Black "Medve, Mark"]
[Result "1-0"]
[WhiteElo "1921"]
[BlackElo "2088"]
[PlyCount "47"]
[EventDate "2015.??.??"]

1. e4 c5 2. Nf3 d6 3. d4 cxd4 4. Qxd4 Nc6 5. Bb5 Bd7 6. Bxc6 Bxc6 7. Nc3 Nf6 8.
Bg5 e6 9. O-O-O Be7 10. Rhe1 Qc7 11. Qd2 Rb8 12. Nd4 b5 13. Bxf6 gxf6 14. Nd5
exd5 15. exd5 Bxd5 16. Rxe7+ Qxe7 17. Nf5 Qe5 18. Re1 Be4 19. Rxe4 Qxe4 20.
Nxd6+ Kf8 21. Nxe4 Re8 22. Qh6+ Ke7 23. Qxf6+ Kd7 24. Qd6+ 1-0

[Event "Ifjusagi csapatbajnoksag"]
[Site "Budapest"]
[Date "2015.08.29"]
[Round "6.34"]
[White "Wanger, Tamas"]
[Black "Szucs, Edina"]
[Result "1/2-1/2"]
[WhiteElo "2049"]
[BlackElo "1736"]
[PlyCount "71"]
[EventDate "2015.??.??"]

1. d4 Nf6 2. c4 e6 3. Nc3 Bb4 4. e3 Qe7 5. Bd3 Bxc3+ 6. bxc3 d6 7. Ne2 Nbd7 8.
e4 b6 9. O-O Bb7 10. Ng3 O-O 11. f4 e5 12. fxe5 dxe5 13. Bg5 h6 14. Bxf6 Nxf6
15. Nf5 Qd8 16. d5 Kh7 17. Qf3 Nd7 18. Qh3 Nc5 19. Rf3 Bc8 20. Rg3 Bxf5 21.
Qxf5+ g6 22. Qxe5 Qd7 23. Bc2 Rae8 24. Qd4 Qd6 25. Re1 Re5 26. Qf2 Qd7 27. Rf3
Kg7 28. Rf1 Qe7 29. Qd4 Kg8 30. Qe3 Kg7 31. Rf4 a5 32. Qd4 Kg8 33. Rd1 Rd8 34.
Rdf1 Rf8 35. h4 h5 36. Qd1 1/2-1/2

[Event "Ifjusagi csapatbajnoksag"]
[Site "Budapest"]
[Date "2015.08.29"]
[Round "6.35"]
[White "Dibusz, Domonkos"]
[Black "Egyed, Judit"]
[Result "0-1"]
[WhiteElo "1684"]
[BlackElo "1981"]
[PlyCount "82"]
[EventDate "2015.??.??"]

1. e4 c5 2. Nf3 d6 3. d4 cxd4 4. Nxd4 Nf6 5. Nc3 a6 6. Be3 e5 7. Nb3 Be6 8. h3
Be7 9. f4 exf4 10. Bxf4 Nc6 11. Qe2 Ne5 12. O-O-O Qc7 13. Bxe5 dxe5 14. g4 h6
15. Kb1 b5 16. Bg2 Bc4 17. Qf2 a5 18. Nd5 Bxd5 19. exd5 Bd6 20. Qe2 O-O 21. h4
a4 22. g5 axb3 23. gxf6 bxc2+ 24. Qxc2 Qxc2+ 25. Kxc2 Rxa2 26. Be4 Rc8+ 27. Kb1
Rca8 28. Kc2 gxf6 29. Rhf1 Kg7 30. h5 Ba3 31. Rb1 Bc5 32. Bd3 Bd4 33. Rf3 Kf8
34. Be4 R8a6 35. Rb3 Rb6 36. Bd3 b4 37. Rf1 Ke7 38. Kb1 Ra8 39. Be4 Rg8 40. Rc1
Rg4 41. Bf3 Rg3 0-1

[Event "Ifjusagi csapatbajnoksag"]
[Site "Budapest"]
[Date "2015.08.29"]
[Round "6.36"]
[White "Egyed, Viktoria"]
[Black "Karko, Balint"]
[Result "1-0"]
[WhiteElo "1980"]
[BlackElo "1471"]
[PlyCount "41"]
[EventDate "2015.??.??"]

1. e4 e5 2. Nf3 Nc6 3. Bc4 Bc5 4. d3 Nf6 5. Bb3 h6 6. h3 d6 7. c3 Be6 8. Nbd2
Qd7 9. O-O g5 10. Nc4 g4 11. hxg4 Bxg4 12. Be3 Rg8 13. Bxc5 Bh3 14. Ne3 O-O-O
15. Nh4 dxc5 16. Qf3 Nh7 17. Qxf7 Qxf7 18. Bxf7 Rg7 19. Bd5 Na5 20. Nhf5 Rg6
21. Ne7+ 1-0

[Event "Ifjusagi csapatbajnoksag"]
[Site "Budapest"]
[Date "2015.08.29"]
[Round "6.37"]
[White "Szajbely, Zsigmond"]
[Black "Pribelszky, Bence"]
[Result "1-0"]
[WhiteElo "2241"]
[BlackElo "2176"]
[PlyCount "105"]
[EventDate "2015.??.??"]

1. e4 c5 2. Nf3 e6 3. d4 cxd4 4. Nxd4 Nf6 5. Nc3 Nc6 6. Ndb5 Bb4 7. a3 Bxc3+ 8.
Nxc3 d5 9. exd5 exd5 10. Bd3 O-O 11. O-O d4 12. Ne2 Re8 13. b4 Bg4 14. f3 Be6
15. Bb2 a6 16. Rf2 Kh8 17. b5 Qb6 18. a4 Rad8 19. a5 Nxa5 20. Bxd4 Rxd4 21.
Nxd4 Qxd4 22. Rxa5 axb5 23. Qa1 Qxa1+ 24. Rxa1 Bc4 25. Bxc4 bxc4 26. Rb1 Re7
27. Rd2 g6 28. Kf2 Kg7 29. Rb4 Rc7 30. Rd4 c3 31. Rbc4 Nd5 32. Rxc7 Nxc7 33.
Rc4 Nb5 34. Rc5 Nd6 35. Rxc3 Kf6 36. Re3 h6 37. Ke2 Nc4 38. Rc3 Nd6 39. Kd3 Ke6
40. Rc7 b5 41. Rc5 h5 42. Kd4 h4 43. Re5+ Kd7 44. Kc5 Nc4 45. Re2 g5 46. Kxb5
Nd6+ 47. Kc5 Nf5 48. Kd5 h3 49. g3 Kc7 50. Re5 Ng7 51. Rxg5 Ne8 52. Rf5 Nd6 53.
Rf6 1-0

[Event "Ifjusagi csapatbajnoksag"]
[Site "Budapest"]
[Date "2015.08.29"]
[Round "6.38"]
[White "Kassay, Krisztian"]
[Black "Szilassi, Abel"]
[Result "0-1"]
[WhiteElo "2153"]
[BlackElo "1968"]
[PlyCount "70"]
[EventDate "2015.??.??"]

1. e4 e6 2. d4 d5 3. Nc3 Bb4 4. exd5 exd5 5. Bd3 Nf6 6. Nge2 O-O 7. a3 Ba5 8.
O-O c6 9. Ng3 Bc7 10. Nf5 Re8 11. Bg5 Bxf5 12. Bxf5 Qd6 13. g3 Na6 14. Qd3 h6
15. Be3 Qe7 16. Rfe1 Bd6 17. Re2 Qf8 18. Rae1 Nc7 19. Bh3 Re7 20. Qf5 Ne4 21.
Nxe4 Rxe4 22. Bg2 Re6 23. Qd3 Rae8 24. Qb3 Nb5 25. Bf3 Bc7 26. Qa4 a6 27. c4
dxc4 28. d5 Rf6 29. Bg2 c3 30. b4 cxd5 31. Bxd5 Rd8 32. Bd4 Nxd4 33. Re8 Rxe8
34. Rxe8 c2 35. Re1 Ne2+ 0-1

[Event "Ifjusagi csapatbajnoksag"]
[Site "Budapest"]
[Date "2015.08.29"]
[Round "6.39"]
[White "Tubak, Daniel"]
[Black "Vanczak, Tamas"]
[Result "1/2-1/2"]
[WhiteElo "1961"]
[BlackElo "2071"]
[PlyCount "39"]
[EventDate "2015.??.??"]

1. e4 Nc6 2. Nf3 f5 3. exf5 d5 4. Bb5 Bxf5 5. Ne5 Qd6 6. d4 Nf6 7. O-O Nd7 8.
Bf4 Ncxe5 9. Bxe5 Qb6 10. Bxd7+ Kxd7 11. Nc3 e6 12. Qf3 Qc6 13. Ne2 Bd6 14.
Rac1 Rhg8 15. Nf4 Raf8 16. Qe3 g5 17. Nh5 Rg6 18. f3 Rh6 19. Ng7 Rg6 20. Nh5
1/2-1/2

[Event "Ifjusagi csapatbajnoksag"]
[Site "Budapest"]
[Date "2015.08.29"]
[Round "6.40"]
[White "Kassay, Lilla"]
[Black "Valyi, Blanka Borbala"]
[Result "1-0"]
[WhiteElo "2017"]
[BlackElo "1895"]
[PlyCount "75"]
[EventDate "2015.??.??"]

1. e4 c5 2. Nf3 d6 3. d4 cxd4 4. Nxd4 Nf6 5. Nc3 g6 6. f3 Bg7 7. Be3 Nc6 8. Bc4
O-O 9. Qd2 Bd7 10. O-O-O Qa5 11. h4 Rfc8 12. Bb3 Ne5 13. Kb1 Nc4 14. Bxc4 Rxc4
15. Nb3 Qc7 16. Bd4 Rc8 17. h5 b5 18. Bxf6 exf6 19. Qxd6 Qxd6 20. Rxd6 Be6 21.
hxg6 hxg6 22. Nxb5 Rxc2 23. Nxa7 R8c7 24. Rd8+ Bf8 25. Nb5 Rc8 26. Rxc8 Rxc8
27. N3d4 Bd7 28. b3 Rc5 29. a4 Rg5 30. g4 Bb4 31. Rc1 f5 32. Rc4 Bd2 33. Kc2
Bf4 34. exf5 gxf5 35. gxf5 Bxf5+ 36. Nxf5 Rxf5 37. Nd4 Rf6 38. Kd3 1-0

[Event "Ifjusagi csapatbajnoksag"]
[Site "Budapest"]
[Date "2015.08.29"]
[Round "6.41"]
[White "Berczi, Peter"]
[Black "Papp, Levente"]
[Result "1/2-1/2"]
[WhiteElo "1825"]
[BlackElo "1944"]
[PlyCount "61"]
[EventDate "2015.??.??"]

1. e4 e6 2. d4 d5 3. Nc3 Bb4 4. Nge2 Nc6 5. a3 Bxc3+ 6. Nxc3 dxe4 7. Bb5 Bd7 8.
Nxe4 Qh4 9. Bd3 h6 10. c3 Qe7 11. O-O Nf6 12. f4 Nxe4 13. Bxe4 O-O-O 14. Qf3 f5
15. Bc2 Nb8 16. Qe2 Qd6 17. Re1 g5 18. Qe5 Qe7 19. Bxf5 Nc6 20. Qe2 exf5 21.
Qxe7 Nxe7 22. Rxe7 g4 23. Be3 Rde8 24. Re5 h5 25. Re1 c6 26. Bd2 Kc7 27. Kf2 b5
28. Rxe8 Rxe8 29. Rxe8 Bxe8 30. Ke3 Bf7 31. g3 1/2-1/2

[Event "Ifjusagi csapatbajnoksag"]
[Site "Budapest"]
[Date "2015.08.29"]
[Round "6.43"]
[White "Gyimesi, Peter"]
[Black "Retkes, Peter"]
[Result "1/2-1/2"]
[WhiteElo "1937"]
[BlackElo "1944"]
[PlyCount "26"]
[EventDate "2015.??.??"]

1. e4 c6 2. d4 d5 3. exd5 cxd5 4. c4 Nf6 5. Nc3 e6 6. c5 Be7 7. Nf3 O-O 8. Bf4
Ne4 9. Bd3 f5 10. O-O g5 11. Be5 Nc6 12. h3 Bf6 13. Bxf6 Qxf6 1/2-1/2

[Event "Ifjusagi csapatbajnoksag"]
[Site "Budapest"]
[Date "2015.08.29"]
[Round "6.44"]
[White "Czumbel, Peter"]
[Black "Gorog, Almos"]
[Result "1/2-1/2"]
[WhiteElo "1961"]
[BlackElo "1912"]
[PlyCount "61"]
[EventDate "2015.??.??"]

1. e4 c6 2. d4 d5 3. Nc3 dxe4 4. Nxe4 Bf5 5. Ng3 Bg6 6. Nh3 Nf6 7. Nf4 e5 8.
dxe5 Qxd1+ 9. Kxd1 Ng4 10. Nxg6 hxg6 11. Ne4 Nxe5 12. Bf4 Nbd7 13. c3 Be7 14.
Kc2 f6 15. Rd1 g5 16. Bc1 O-O-O 17. f4 gxf4 18. Bxf4 g5 19. Bg3 f5 20. Nd6+
Bxd6 21. Rxd6 f4 22. Bf2 Ng4 23. Bd4 Rxh2 24. Rxh2 Nxh2 25. Be2 g4 26. Rh6 f3
27. Bd1 g3 28. gxf3 Rf8 29. Rg6 Nxf3 30. Rxg3 Nxd4+ 31. cxd4 1/2-1/2

[Event "Ifjusagi csapatbajnoksag"]
[Site "Budapest"]
[Date "2015.08.29"]
[Round "6.45"]
[White "Toth, Abel Levente"]
[Black "Kaloczi, Kristof"]
[Result "1/2-1/2"]
[WhiteElo "1754"]
[BlackElo "1848"]
[PlyCount "51"]
[EventDate "2015.??.??"]

1. e4 d5 2. exd5 Qxd5 3. Nc3 Qa5 4. d4 Nf6 5. Bd2 c6 6. Nf3 Bf5 7. Bc4 e6 8.
O-O Qc7 9. Re1 Be7 10. Bb3 Nbd7 11. Ne2 O-O 12. Ng3 Bg6 13. Nh4 b5 14. Nxg6
hxg6 15. Qe2 Bd6 16. c3 a6 17. Rad1 e5 18. dxe5 Bxe5 19. Bg5 Rfe8 20. Qc2 Kf8
21. Re2 Nc5 22. Bxf6 Bxf6 23. Red2 Rad8 24. Rxd8 Rxd8 25. Rxd8+ Qxd8 26. Ne4
1/2-1/2

[Event "Ifjusagi csapatbajnoksag"]
[Site "Budapest"]
[Date "2015.08.29"]
[Round "6.46"]
[White "Geher, Koppany"]
[Black "Pasztor, Flora Katinka"]
[Result "0-1"]
[WhiteElo "1810"]
[BlackElo "1705"]
[PlyCount "102"]
[EventDate "2015.??.??"]

1. e4 c5 2. Nc3 Nc6 3. g3 g6 4. Bg2 Bg7 5. d3 d6 6. Be3 Rb8 7. a4 b6 8. Qd2 Nd4
9. Nge2 a6 10. O-O Bg4 11. f4 Nxe2+ 12. Nxe2 Bxe2 13. Qxe2 Bxb2 14. Rae1 e5 15.
f5 Bd4 16. Kh1 Bxe3 17. Qxe3 Qe7 18. Rf3 Nf6 19. Bh3 O-O 20. Ref1 Kh8 21. Qg5
Kg7 22. g4 h6 23. Qh4 g5 24. Qf2 Rh8 25. Rb1 Qd7 26. Ra1 b5 27. axb5 Qxb5 28.
Qe1 Rb6 29. Rf1 Ra8 30. Qa5 Qxa5 31. Rxa5 Rb5 32. Rfa1 Rxa5 33. Rxa5 Nd7 34.
Bf1 Nb8 35. Be2 Nc6 36. Ra4 a5 37. c3 Rb8 38. Kg1 Rb3 39. c4 Kf6 40. Kf2 Ke7
41. Ke1 Kd7 42. Kd1 Kc7 43. Ra1 Kb6 44. Ke1 Nd4 45. Kd1 Rb2 46. Bf1 Rb4 47. h3
a4 48. Be2 Ka5 49. Ra2 Rb3 50. Bf1 Rb1+ 51. Kd2 Rxf1 0-1